00921nai a2200205Ia 4500003000900000008004100009022002200050022002300072040001600095245008500111260008600196310001400282362002500296521006900321650004600390856009300436942000700529999001700536952016200553IN-BaIIA211028c9999 xx s 000 0 eng d a2156-3357 (Print) a2156-3365 (Online) cIIA Library 0aIEEE Journal on Emerging and Selected Topics in Circuits and Systemsh[eJournal] aNew York, USAbThe Institute of Electrical and Electronics Engineers, Inc. (IEEE) aQuarterly a1(1); 2011 - Present bSubscribed through National Knowledge Resource Consortium (NKRC) aComponents, Circuits, Devices and Systems uhttps://ieeexplore.ieee.org/servlet/opac?punumber=5503868yClick Here to Access eJournal cEJ c34531d34531 00104070aBANbBANd2009-01-01eNKRCh1(1); 2011 - Presentl0pEJ615r2021-11-05uhttps://ieeexplore.ieee.org/servlet/opac?punumber=5503868w2021-11-05yEJ